[Event "EU-ch Hybrid U10"]
[Site "Tornelo INT"]
[Date "2021.10.15"]
[Round "1"]
[White "Ivanov, Andrey A2222"]
[Black "Dmitrenko, Ignat"]
[Result "1-0"]
[WhiteElo "1758"]
[BlackElo "1278"]
[PlyCount "69"]
[EventDate "2021.10.15"]
[EventType "swiss"]
[EventRounds "9"]
[EventCountry "NET"]
[SourceTitle "EXT 2023"]
[Source "ChessBase"]
[SourceDate "2022.10.05"]
[SourceVersion "1"]
[SourceVersionDate "2022.10.05"]
[SourceQuality "1"]
[WhiteTeam "Irland"]
[BlackTeam "Russia"]
[WhiteTeamCountry "IRL"]
[BlackTeamCountry "RUS"]

1. e4 e5 2. Nf3 Nc6 3. Bc4 Nf6 4. Ng5 d5 5. exd5 Na5 6. d3 h6 7. Nf3 e4 8. Qe2 Nxc4 9. dxc4 Bc5 10. h3 0-0 11. Nfd2 e3 12. fxe3 Bxe3 13. Nc3 Re8 14. Kd1 Bxd2 15. Qxd2 Qd6 16. Qf4 Qe7 17. Bd2 Nh5 18. Qf3 Qh4 19. Rf1 Nf6 20. Qf4 Qh5+ 21. Kc1 Re7 22. b3 Qg6 23. Kb2 b6 24. g4 Ne8 25. Rae1 Rxe1 26. Rxe1 Ba6 27. h4 Nd6 28. h5 Qh7 29. Ne4 Nxe4 30. Rxe4 Kf8 31. Bb4+ Kg8 32. Re7 g6 33. hxg6 Qxg6 34. Bc3 Bc8 35. Re8+ 1-0